Soils and soil fertility / (Record no. 3581)

MARC details
000 -LEADER
fixed length control field 00705cam a2200229 i 4500
001 - CONTROL NUMBER
control field BD-DhSAU 3581
003 - CONTROL NUMBER IDENTIFIER
control field BD-DhSAU
005 - DATE AND TIME OF LATEST TRANSACTION
control field 20150208130621.0
008 - FIXED-LENGTH DATA ELEMENTS--GENERAL INFORMATION
fixed length control field 770725s1975 ii a rb 001 0 eng
040 ## - CATALOGING SOURCE
Original cataloging agency BD-DhSAU
082 00 - DEWEY DECIMAL CLASSIFICATION NUMBER
Classification number 631.4
Edition number 22
Item number THS
100 1# - MAIN ENTRY--PERSONAL NAME
Personal name Thompson, Louis M.
245 10 - TITLE STATEMENT
Title Soils and soil fertility /
Statement of responsibility, etc. Louis M. Thompson and Frederick R. Troeh.
250 ## - EDITION STATEMENT
Edition statement 3rd ed.
Remainder of edition statement Wiley India Edition
260 ## - PUBLICATION, DISTRIBUTION, ETC. (IMPRINT)
Place of publication, distribution, etc. New Delhi :
Name of publisher, distributor, etc. Tata McGraw-Hill Publishing Company ,
Date of publication, distribution, etc. c1975.
300 ## - PHYSICAL DESCRIPTION
Extent x, 495 p. :
Other physical details ill. ;
Dimensions 25 cm.
504 ## - BIBLIOGRAPHY, ETC. NOTE
Bibliography, etc Include bibliographical references and index.
590 ## - Name of Cataloguer
Name of Cataloger joy
650 #0 - SUBJECT ADDED ENTRY--TOPICAL TERM
Topical term or geographic name as entry element Soil science.
650 #0 - SUBJECT ADDED ENTRY--TOPICAL TERM
Topical term or geographic name as entry element Soil fertility.
700 1# - ADDED ENTRY--PERSONAL NAME
Personal name Troeh, Frederick R.,
942 ## - ADDED ENTRY ELEMENTS (KOHA)
Source of classification or shelving scheme Dewey Decimal Classification
Koha item type Book
Holdings
Withdrawn status Lost status Source of classification or shelving scheme Damaged status Not for loan Home library Branch Name Shelving location Date acquired Total Checkouts Full call number Barcode Date last seen Price effective from Koha item type
    Dewey Decimal Classification     SAU Library SAU Library General Stacks 18/12/1978   631.4 THS 2053 08/02/2015 08/02/2015 Book
    Dewey Decimal Classification     SAU Library SAU Library General Stacks 21/06/1979   631.4 THS 3765 08/02/2015 08/02/2015 Book
    Dewey Decimal Classification     SAU Library SAU Library General Stacks 21/06/1979   631.4 THS 3764 24/02/2015 24/02/2015 Book